000 00453nam a22001577a 4500
003 OSt
005 20180116182949.0
008 131008b xxu||||| |||| 00| 0 eng d
040 _c0
082 _a300.15195 NEW 2005
110 _aL. Andries van
245 _aNew Developments in Categorical Data Analysis for the Social and Behavioral Sciences
_cL. Andries van
260 _aNew Jersey
_bLawrence Erlbaum
_c2005
300 _a201p.
942 _2ddc
_cBK
999 _c349406
_d349406